Régions viticoles françaises sur une carte - Statistiques

Statistiques générales
  • Ce quiz a été pris 218 fois
  • Le résultat moyen est 10 sur 12
Réponses sur la Carte
Les réponses sont colorées sur une échelle allant du rouge au vert en fonction du pourcentage des utilisateurs qui les ont devinées à leur premier essai. Vous pouvez retrouver ces pourcentages ci-dessous.
 
Statistiques - réponses
Région % Correct
Bordeaux
95%
Rhône (méridional)
91%
Rhône (septentrional)
91%
Chablis
90%
Champagne
90%
Alsace
89%
Bourgogne
89%
Vallée de la Loire
89%
Provence
78%
Languedoc-Roussillon
72%
Dordogne
61%
Sud-Ouest
56%
Aucun quiz correspondant
Distribution des résultats
% des personnes avec chaque résultat
Percentile par nombre de réponses
Votre historique - résultats
Vous n’avez pas pris ce quiz